| 000 | 00431nam a2200121Ia 4500 | ||
|---|---|---|---|
| 008 | 220615s9999||||xx |||||||||||||| ||und|| | ||
| 100 | _aMolland, Sverre | ||
| 245 | 0 |
_aChapter 4 Departures _bTechnologies of anticipation |
|
| 546 | _aEnglish[eng] | ||
| 650 | _abrokered safety, politics, safe migration, Southeast Asia | ||
| 856 | _uhttps://library.oapen.org/bitstream/20.500.12657/50097/1/9781032015439_oachapter4.pdf | ||
| 942 | _cEB | ||
| 999 |
_c11717 _d11717 |
||